[Event "Main Vogelsberg op 2nd"]
[Site "Grossauheim"]
[Date "2007.06.10"]
[Round "6"]
[White "Deller, Yannick"]
[Black "Grueneschild, Hildegard"]
[Result "1-0"]
[WhiteElo "1208"]
[BlackElo "1417"]
[PlyCount "147"]
[EventDate "2007.06.07"]
[EventType "swiss"]
[EventRounds "7"]
[EventCountry "GER"]
[SourceTitle "EXT 2008"]
[Source "ChessBase"]
[SourceDate "2007.11.25"]
[SourceVersion "1"]
[SourceVersionDate "2007.11.25"]
[SourceQuality "1"]

1. d4 Nf6 2. c4 g6 3. Nc3 Bg7 4. Nf3 d6 5. e4 0-0 6. h3 Nbd7 7. Be3 e5 8. Be2 Nh5 9. 0-0 Nf4 10. Qd2 Nxe2+ 11. Qxe2 exd4 12. Bxd4 f6 13. Rad1 Re8 14. Qc2 a6 15. Nd2 c5 16. Be3 Ne5 17. f4 Nc6 18. Nf3 Qc7 19. Bf2 Be6 20. Nd5 Bxd5 21. exd5 Nb4 22. Qb1 a5 23. a3 Na6 24. Rfe1 Qd7 25. Rd2 b5 26. Rxe8+ Rxe8 27. Qc2 b4 28. Re2 bxa3 29. bxa3 Bh6 30. Bg3 Nc7 31. Kf2 f5 32. Rxe8+ Qxe8 33. Nd2 a4 34. Nb1 Bg7 35. Kf3 Qb8 36. Be1 Ne8 37. Bc3 Bxc3 38. Nxc3 Qb3 39. Qxb3 axb3 40. Ke2 Nc7 41. Kd2 Kf7 42. Kc1 Ke7 43. Kb2 Kd7 44. Kxb3 Na6 45. Nb5 h6 46. Kc3 Ke7 47. Kd3 Kd7 48. Ke3 Ke7 49. Kf3 Kd7 50. g4 Ke7 51. gxf5 gxf5 52. Kg3 Nb8 53. Kh4 Nd7 54. a4 Nb6 55. a5 Nxc4 56. a6 Nb6 57. a7 Kd7 58. Kh5 c4 59. Kxh6 Na8 60. Kg5 Ke7 61. Kxf5 Kd7 62. h4 Nb6 63. h5 Ke7 64. h6 c3 65. Nxc3 Kf7 66. Nb5 Na8 67. Nxd6+ Kg8 68. Nb5 Kh7 69. d6 Nb6 70. Nc7 Kxh6 71. a8Q Nxa8 72. Nxa8 Kg7 73. d7 Kf7 74. d8Q 1-0